Podsaharska Afrika - značilnosti površja - Statistics

General Stats
  • This quiz has been taken 51 times
  • The average score is 13 of 25
Answers on the Map
Answers color-coded by a green-red scale on the quiz's map according to % correct below.
 
Answer Stats
Answer % Correct
Atlas
69%
Etiopsko višavje
58%
Kalaharijska k.
58%
K. ob Belem Nilu
58%
Kongovska k.
58%
Libijska k.
58%
Nigrska k.
58%
Čadska k.
54%
Kapsko gorovje
54%
K. Viktorijinega j.
54%
Lundski prag
54%
Zmajeve gore
54%
Spodnjegvinejski prag
50%
Spodnjenilska k.
50%
Vzhodnoafriški prag
50%
Darfur - Enedi
46%
Severnoekvatorialni p.
46%
Srednjeafriški prag
46%
Air - Jos
42%
Gornjegvinejski prag
42%
Južnoafriško višavje
42%
Senegambijsko n.
42%
Srednjesaharski prag
42%
Z-Južnoafriško višavje
38%
Gabeška k.
35%
No matching quizzes found
Score Distribution
Percent of People with Each Score
Percentile by Number Answered
Your Score History
You have not taken this quiz